| 000 | 00443nam a22001691a 4500 | ||
|---|---|---|---|
| 020 | _a9781841698687 | ||
| 082 |
_a781.11 _bSIU/P |
||
| 100 | _aSiu-Lan Tan | ||
| 245 |
_aPsychology of music: _bfrom sound to significance/ _cby Siu-Lan Tan |
||
| 260 |
_aEast Sussex: _bPsychology Press, _c2010. |
||
| 300 | _a349p. | ||
| 650 | _aMusic Psychological Aspects | ||
| 650 | _aMusic | ||
| 650 | _aArts | ||
| 700 | _aPeter Pfordresher | ||
| 942 | _cBK | ||
| 999 |
_c36391 _d36391 |
||